• 首页
  • 本馆介绍
  • 公告通知
  • 最新文献
  • 馆藏检索
  • 电子资源
  • 读者导购
  • 参考咨询
  • 我的图书馆
  • 登录
  • 详细信息显示
  • 放入我的书架
  • 预约/预借图书
  • 作者相关作品
  • 分类相关作品
  • 丛书相关作品
  • 出版社相关作品

书目信息

  • 表格格式
  • 工作单格式
  • 卡片格式
题名:
地下水污染与防治
    
 
作者: 尹国勋 , 李振山 编著
分册:  
出版信息: 北京   中国环境科学出版社  2005
页数: 237页
开本: 26cm
丛书名:
单 册:
中图分类: X523.06
科图分类:
主题词: 地下水污染 , 污染防治 , 地下水污染--污染防治--研究--焦作市
电子资源:
ISBN: 7-80209-239-6
000 01027nam0 2200265 450
001 003084714
005 20070805171315.40
010    @a7-80209-239-6@dCNY35.00
100    @a20060104d2005 em y0chiy0110 ea
101 0  @achi
102    @aCN@b110000
105    @aa z 000yy
200 1  @a地下水污染与防治@9di xia shui wu ran yu fang zhi@e焦作市实证研究@f尹国勋,李振山等编著
210    @a北京@c中国环境科学出版社@d2005
215    @a237页@c图@d26cm
330    @a本书共七章,简要介绍了国内外对地下水的研究现状,依据水文地质学、水化学、环境地球化学、同位素分析和环境质量评价等理论和方法,对焦作市地下水的水质及污染程度进行了评价并确定了污染范围,并提出了地下水污染防治措施。
517 1  @a焦作市实证研究@9jiao zuo shi shi zheng yan jiu
606 0  @a地下水污染
606 0  @a污染防治
606 0  @a地下水污染@x污染防治@x研究@y焦作市
690    @aX523.06@v4
701  0 @a尹国勋@9yin guo xun@f(1953.1~)@4编著
701  0 @a李振山@9li zhen shan@c(环境保护)@4编著
801  0 @aCN@bNLC@c20070805
905    @a10447@dX523.06@e87
    
    地下水污染与防治:焦作市实证研究/尹国勋,李振山等编著.-北京:中国环境科学出版社,2005
    237页:图;26cm
    
    
    ISBN 7-80209-239-6:CNY35.00
    本书共七章,简要介绍了国内外对地下水的研究现状,依据水文地质学、水化学、环境地球化学、同位素分析和环境质量评价等理论和方法,对焦作市地下水的水质及污染程度进行了评价并确定了污染范围,并提出了地下水污染防治措施。
●
相关链接 在E读中查询图书 在五车中查询图书 在当当中查询图书 在豆瓣中查询图书


正题名:地下水污染与防治     索取号:X523.06/87         预约/预借

序号 登录号 条形码 馆藏地/架位号 状态 备注
1 0809229   208092295   第二样本阅览室/ [索取号:X523.06/87] 在馆    
2 0809230   208092302   第三借阅区/ [索取号:X523.06/87] 在馆    
唐山师范学院图书馆 欢迎您!
大连网信软件有限公司© 版权所有